01172cam a2200265 a 450000100100000000500170001000800410002702000150006804000250008304100390010808200130014710000290016024000640018924501550025326000380040830000210044649000420046753400880050950400740059770000430067183000490071404900090076395201170077299900170088900002339620200930022205.0750201s1987 mx 001 0 spa d a9684093721 aDO-SdBNPbspacBNPHU17aspaheng2Código de idiomas MARC ann*bnn*1 aWeintrub, Sidney.94820010aFree trade between Mexico and the United States?lEspañol11a¿Libre comercio entre México y E.U.A.? :blas relaciones futuras entre los dos países /cSidney Weintrub ; traducción Aurora Merino del Villar. aMéxico, D. F. :bEdamex,c1987. a228 p. ;c21 cm.1 aLos libros hacen libres a los hombres aTítulo de la obra en inglés :tFree trade between Mexico and the United States? aIncluye notas y referencias bibliográficas al pie de las páginas.1 aMerino del Villar, Aurora,etr.947958 0aLos libros hacen libres a los hombres947738 aBNGR 001054708MOaGRbGRcCTd2010-12-06iLF1l0onn* nn*p23396-10r2020-06-25w2020-06-25y4ZPréstamo en sala c22893d22893